000 00447nam a2200157Ia 4500
005 20250508155120.0
008 008 250505s9999 xx 000 0 eng d
037 _aTextual
040 _aFEDL
_beng
_cFEDL
041 _aeng
_2eng
084 _a385, TRA
_qFEDL
245 0 _aTransport and communications in Africa and India: An Africa Quarterly supplement
300 _a62p
942 _cTEXL
_h385, TRA
999 _c1354353
_d1354353